[Event "POL-ch U10"]
[Site "Jastrzebia Gora"]
[Date "2022.03.16"]
[Round "9"]
[White "Rabenda, Grzegorz"]
[Black "Kopacki, Aleksander"]
[Result "1/2-1/2"]
[WhiteElo "1069"]
[BlackElo "1311"]
[PlyCount "77"]
[EventDate "2022.03.08"]
[EventType "swiss"]
[EventRounds "9"]
[EventCountry "POL"]
[SourceTitle "EXT 2023"]
[Source "ChessBase"]
[SourceDate "2022.10.05"]
[SourceVersion "1"]
[SourceVersionDate "2022.10.05"]
[SourceQuality "1"]

1. e4 c5 2. Nf3 Nc6 3. d4 cxd4 4. Nxd4 Nf6 5. Nc3 d6 6. Bc4 e6 7. Be3 a6 8. Bb3 Be7 9. Qe2 Qc7 10. f3 b5 11. g4 Nd7 12. Bxe6 fxe6 13. Nxe6 Qa5 14. Nxg7+ Kf7 15. Nf5 Bf8 16. Qd2 Nde5 17. Kf2 Bxf5 18. gxf5 b4 19. Qd5+ Qxd5 20. Nxd5 Rc8 21. f4 Ng4+ 22. Kf3 Nxe3 23. Kxe3 Bg7 24. Rab1 Na5 25. Kd3 Nc6 26. c3 a5 27. c4 Ne7 28. Nxe7 Kxe7 29. b3 Bh6 30. Ke3 Rhg8 31. Rhg1 Kf6 32. Rxg8 Rxg8 33. Kf3 Bf8 34. Rd1 Rg7 35. Rd5 Ra7 36. Kg4 a4 37. e5+ dxe5 38. fxe5+ Ke7 39. f6+ 1/2-1/2

[Event "POL-ch U10"]
[Site "Jastrzebia Gora"]
[Date "2022.03.10"]
[Round "3"]
[White "Ejsymont, Eryk"]
[Black "Rabenda, Grzegorz"]
[Result "1-0"]
[WhiteElo "1234"]
[BlackElo "1069"]
[PlyCount "61"]
[EventDate "2022.03.08"]
[EventType "swiss"]
[EventRounds "9"]
[EventCountry "POL"]
[SourceTitle "EXT 2023"]
[Source "ChessBase"]
[SourceDate "2022.10.05"]
[SourceVersion "1"]
[SourceVersionDate "2022.10.05"]
[SourceQuality "1"]

1. e4 c5 2. d4 cxd4 3. c3 d3 4. Bxd3 Nc6 5. c4 g6 6. Nf3 d6 7. 0-0 Bg4 8. h3 Bxf3 9. Qxf3 Ne5 10. Qe2 Nxd3 11. Qxd3 Bg7 12. Nc3 Nf6 13. Be3 0-0 14. Rad1 Rc8 15. Qe2 Re8 16. e5 Nd7 17. exd6 exd6 18. Rxd6 Qc7 19. Nb5 Qd8 20. Rfd1 Re7 21. Qd2 a6 22. Nc3 Bxc3 23. bxc3 Rxc4 24. Rxd7 Rxd7 25. Qxd7 Qxd7 26. Rxd7 Rxc3 27. Rd8+ Kg7 28. Bd4+ f6 29. Bxc3 b5 30. Rd7+ Kf8 31. Bxf6 1-0